THE ECONOMY OF MODREN SINDH (Record no. 33361)

MARC details
000 -LEADER
fixed length control field 00438nam a22001817a 4500
005 - DATE AND TIME OF LATEST TRANSACTION
control field 20240419123944.0
008 - FIXED-LENGTH DATA ELEMENTS--GENERAL INFORMATION
fixed length control field 230831b |||||||| |||| 00| 0 eng d
020 ## - INTERNATIONAL STANDARD BOOK NUMBER
ISBN 9780190700478
082 ## - DEWEY DECIMAL CLASSIFICATION NUMBER
Classification number 330.95491805
Item number HUS-E
100 ## - MAIN ENTRY--AUTHOR
Author Name Husain,Ishrat
245 ## - TITLE STATEMENT
Title THE ECONOMY OF MODREN SINDH
260 ## - PUBLICATION, DISTRIBUTION, ETC.
Place of Publication USA
Name of publisher, distributor, etc. OXFORD
Date of publication, distribution, etc. 2019
300 ## - PHYSICAL DESCRIPTION
Pages 462
500 ## - GENERAL NOTE
General note INCLUIDE INDEX
650 ## - SUBJECT ADDED ENTRY--TOPICAL TERM
Subject / Department Economics
700 ## - ADDED ENTRY--PERSONAL NAME
Personal name Ishrat Husain

No items available.

Powered by Koha